000 00373nam a2200133Ia 4500
005 20260328101531.0
008 260328s9999||||xx |||||||||||||| ||und||
100 _aMorales, Ovidio
245 0 _aEnfoque temático para la educación del Diseño /
_cOvidio Morales
260 _bUniversidad Rafael Landívar
300 _a95 p.
650 _aDISEÑO INDUSTRIAL
942 _cBK
999 _c10001
_d10001